000 00571nam a22001937a 4500
003 OSt
005 20151201152633.0
008 130307t xxu||||| |||| 00| 0 eng d
020 _a9780435994419
050 _aQA 39.3
_b.W359 2009
082 _aIB 510
100 _aWazir, Ibrahim
245 _aHigher level mathematics :
_cIbrahim Wazir, Tim Garry.
_bdeveloped specifically for the IB diploma /
260 _aHarlow, Essex :
_bPearson Education Ltd,
_cc2009.
300 _a ix, 1030 p. :
_bcol. : ill. ;
_c26 cm.
562 _e1
942 _2lcc
_cBK
999 _c2098
_d2098